Introduction to positive economics (Record no. 5640)

000 -LEADER
fixed length control field 00453nam a22001817a 4500
001 - CONTROL NUMBER
control field 5640
003 - CONTROL NUMBER IDENTIFIER
control field BD-DhUET
008 - FIXED-LENGTH DATA ELEMENTS--GENERAL INFORMATION
fixed length control field 141127b xxu||||| |||| 00| 0 eng d
040 ## - CATALOGING SOURCE
Transcribing agency 0
Modifying agency BD-DhUET
082 ## - DEWEY DECIMAL CLASSIFICATION NUMBER
Classification number 330
Item number LIP/1971
100 ## - MAIN ENTRY--PERSONAL NAME
Personal name Lipsey, Richard G.
245 ## - TITLE STATEMENT
Title Introduction to positive economics
250 ## - EDITION STATEMENT
Edition statement 3rd ed.
260 ## - PUBLICATION, DISTRIBUTION, ETC. (IMPRINT)
Name of publisher, distributor, etc. English Language Book
Place of publication, distribution, etc. Hampshire
Date of publication, distribution, etc. 1971
300 ## - PHYSICAL DESCRIPTION
Extent xx, 740 p.
Other physical details ill.
Dimensions 26 cm.
650 #0 - SUBJECT ADDED ENTRY--TOPICAL TERM
Topical term or geographic name as entry element Economics
942 ## - ADDED ENTRY ELEMENTS (KOHA)
Koha item type General Book
Holdings
Sublocation or collection (holding branch) Date acquired Location (home branch) Lost status Koha normalized classification for sorting Not for loan Withdrawn status Koha date last seen Source of classification or shelving scheme Koha full call number Shelving location Copy number Piece designation (barcode) Price effective from Koha item type Koha collection Damaged status
Central Library, BUET2014-11-27Central Library, BUET 330LIP1971  2014-11-27 330/LIP/1971Circulation section1236932014-11-27General Book  
Central Library, BUET2014-11-27Central Library, BUET 330LIP1971  2014-11-27 330/LIP/1971Circulation section2237022014-11-27General Book  
Central Library, BUET2015-01-27Central Library, BUET 330_000000000000000_LIP_1971  2015-01-27 330/LIP/1971Circulation section3236892015-01-27General Book  
Central Library, BUET2015-01-27Central Library, BUET 330_000000000000000_LIP_1971  2015-01-27 330/LIP/1971Circulation section4236842015-01-27General Book  
Central Library, BUET2015-01-27Central Library, BUET 330_000000000000000_LIP_1971  2015-01-27 330/LIP/1971Circulation section5237102015-01-27General Book  
Central Library, BUET2015-01-27Central Library, BUET 330_000000000000000_LIP_1971  2015-01-27 330/LIP/1971Circulation section6237132015-01-27General Book  
Central Library, BUET2015-01-27Central Library, BUET 330_000000000000000_LIP_1971  2015-01-27 330/LIP/1971Cataloging section7236902015-01-27General Book  
Central Library, BUET2015-01-27Central Library, BUET 330_000000000000000_LIP_1971  2015-01-27 330/LIP/1971Circulation section8236982015-01-27General Book  
Central Library, BUET2015-01-27Central Library, BUET 330_000000000000000_LIP_1971  2015-01-27 330/LIP/1971Circulation section9236852015-01-27General Book  
Central Library, BUET2015-01-27Central Library, BUET 330_000000000000000_LIP_1971  2015-01-27 330/LIP/1971Circulation section10237122015-01-27General Book  
Central Library, BUET2015-01-28Central Library, BUET 330_000000000000000_LIP_1971  2015-01-28 330/LIP/1971Circulation section4236772015-01-28General BookNon Fiction 
Central Library, BUET2015-01-28Central Library, BUET 330_000000000000000_LIP_1971  2015-01-28 330/LIP/1971Circulation section30237062015-01-28General BookNon Fiction 
Central Library, BUET2015-01-28Central Library, BUET 330_000000000000000_LIP_1971  2015-01-28 330/LIP/1971Circulation section29237052015-01-28General BookNon Fiction 
Central Library, BUET2015-01-28Central Library, BUET 330_000000000000000_LIP_1971  2015-01-28 330/LIP/1971Circulation section16236802015-01-28General BookNon Fiction 
Central Library, BUET2015-04-20Central Library, BUET 330_000000000000000_LIP_1971  2015-04-20 330/LIP/1971Circulation section15236912015-04-20General Book